Interné smernice

Interné smernice pomáhajú zamestnávateľom lepšie organizovať pracovný proces. Ich základným znakom je normatívnosť a všeobecná záväznosť. Najdôležitejšie interné smernice: pracovný poriadok, služobný poriadok, mzdový predpis, pravidlá o bezpečnosti a ochrany zdravia pri práci. Ďalšie interné smernic...

Descrizione completa

Salvato in:
Dettagli Bibliografici
Autore principale: Kovalčíková, Martina
Natura: Capitolo di libro
Lingua:slovacco
Soggetti:
Tags: Aggiungi Tag
Nessun Tag, puoi essere il primo ad aggiungerne!!

MARC

LEADER 00000naa a2200000 4500
001 0186681
005 20231120134207.2
041 0 |a slo 
044 |a SK 
245 1 0 |a Interné smernice  |c Martina Kovalčíková 
520 |a Interné smernice pomáhajú zamestnávateľom lepšie organizovať pracovný proces. Ich základným znakom je normatívnosť a všeobecná záväznosť. Najdôležitejšie interné smernice: pracovný poriadok, služobný poriadok, mzdový predpis, pravidlá o bezpečnosti a ochrany zdravia pri práci. Ďalšie interné smernice. 
610 2 0 |a podnik 
610 2 0 |a zamestnávatelia 
610 2 0 |a smernice 
610 2 0 |a smernice organizačné 
610 2 0 |a poriadok pracovný 
610 2 0 |a predpisy mzdové 
610 2 0 |a predpisy pracovnoprávne 
100 1 |a Kovalčíková, Martina